000 00737nam a2200241 4500
001 118949
003 ES-MaACL
005 20250804062645.0
007 t|
008 070214s1969 sp r ||||1| spa d
080 _a84-312.9"19"
100 1 _aPeyramaure, Michel,
_d1922-2023
_eaut
_991594
245 1 3 _aEl valle de los mamuts :
_bnovela /
_cMichel Peyramaure
260 _aBilbao :
_bMensajero,
_c1969
300 _a235 páginas ;
_c21 cm.
490 1 _aHistoria y aventuras ;
_v10
_9186948
655 0 _aNovelas
_9234319
830 0 _9186948
_aHistoria y aventuras ;
_v10
852 _aES-MaACL
_bR.72201
_cDEPO2
_jC-38987
942 _2udc
_cMONOGRAFIA
_n0
999 _c118949
_d118949